| 000 -LEADER |
| fixed length control field |
00457nam a22001337a 4500 |
| 020 ## - INTERNATIONAL STANDARD BOOK NUMBER |
| ISBN |
9745555827 |
| 040 ## - CATALOGING SOURCE |
| Transcribing agency |
DLC |
| 082 ## - DEWEY DECIMAL CLASSIFICATION NUMBER |
| Classification number |
737 MET 1990 C074 Or. |
| 100 ## - MAIN ENTRY--AUTHOR NAME |
| Personal name |
Wanapat, Metha |
| 245 ## - TITLE STATEMENT |
| Title |
Nutritional aspects of ruminant production in Southeast Asia with special reference to Thailand |
| 260 ## - PUBLICATION, DISTRIBUTION, ETC. (IMPRINT) |
| Place of publication |
Thailand, |
| Name of publisher |
Dept. of Animal Science, Faculty of Agriculture, Khon Kaen University, Khon Kaen, |
| Year of publication |
1990 |
| 300 ## - PHYSICAL DESCRIPTION |
| Number of Pages |
217 pages : |
| Dimensions |
25 cm |
| 942 ## - ADDED ENTRY ELEMENTS (KOHA) |
| Koha item type |
ADB |
| 952 ## - LOCATION AND ITEM INFORMATION (KOHA) |
| Withdrawn status [LOCAL, KOHA] |
0 |